Manual práctico de la familia numerosa (Record no. 96970)

MARC details
000 -LEADER
campo de control de longitud fija 00502nam a2200157 i 4500
001 - NÚMERO DE CONTROL
campo de control 96970
003 - IDENTIFICADOR DE NÚMERO DE CONTROL
campo de control ES-MaACL
005 - FECHA Y HORA DE LA ÚLTIMA TRANSACCIÓN
campo de control 20230906182019.0
007 - CAMPO FIJO DE DESCRIPCIÓN FÍSICA--INFORMACIÓN GENERAL
campo de control de longitud fija t|
008 - DATOS DE LONGITUD FIJA--INFORMACIÓN GENERAL
campo de control de longitud fija 050705s1947 sp ||||1| spa d
245 00 - MENCIÓN DEL TÍTULO
Título Manual práctico de la familia numerosa
Resto del título : ley reglamento /
Mención de responsabilidad, etc. ordenado y recopilado por Máximo Gómez Villalba.
260 ## - PUBLICACIÓN, DISTRIBUCIÓN, ETC.
Lugar de publicación, distribución, etc. Madrid :
Nombre del editor, distribuidor, etc. S.A.E. Graf Espejo,
Fecha de publicación, distribución, etc. 1947.
300 ## - DESCRIPCIÓN FÍSICA
Extensión 100 p. ;
Dimensiones 17 cm.
700 1# - ENTRADA AGREGADA--NOMBRE PERSONAL
Nombre de persona Gómez Villalba, Máximo.
9 (RLIN) 58189
852 ## - LOCALIZACIÓN
Ubicación ES-MaACL
Número de control de estantería C-4920
Sublocalización o colección R.25018
Holdings
Estatus retirado Estado de pérdida Estado de daño No para préstamo Biblioteca de origen Biblioteca actual Ubicación en estantería Fecha de adquisición Fuente de adquisición Total de préstamos Signatura topográfica completa Código de barras Visto por última vez Precio de reemplazo Tipo de ítem Koha
        Biblioteca del Ateneo de Madrid Biblioteca del Ateneo de Madrid Sala Palomar 17/01/2008     C-4920 1101233 23/02/2023 23/02/2023 Libro impreso